00468nam a2200145 a 450000100100000000500170001000800410002702000150006804000250008308200150010810000210012324500990014426000590024330000200030200002336220200930022151.0101203s1978 ag r 000 | spa d a031142063x aDO-SdBNPbspacBNPHU axxxbD324q1 aDeiros, Pablo A.10a¿Qué paso con estos pecados? :bmeditaciones sobre la conducta personal /cPablo A. Deiros. aBuenos Aires :bCasa Bautista de Publicaciones,c1978. a94 p. ;c19 cm.